Responses for Show #1942 - Tuesday, February 2, 1993

Contestants

[<< previous game]

Susan Mace, a print production assistant from Sun City Center, Florida

Karl Weber, a book publisher from Chappaqua, New York

Barbara Sontz, a computer consultant from New York City, New York (whose 1-day cash winnings total $5,600)

[next game >>]

Jeopardy! Round responses

U.S. CITIES
POPULAR MUSIC
BUSINESS & INDUSTRY
NATURE
FOOD
LEFTOVERS
    $100 9
Atlanta

Susan
    $100 16
Bob Dylan

Susan
    $100 1
General Electric

Susan
    $100 4
the bald eagle

Barbara
    $100 25
(Karl: Uh, what are shrimp?)
(Barbara: What are prawns?)

eggs

BarbaraKarl
Triple Stumper
    $100 7
a hornet's nest

Karl
    $200 10
St. Augustine

Karl
    $200 17
Barry Manilow

Barbara
    $200 2
PepsiCo

Karl
    $200 14
balsa

Susan
    $200 26
pasta

Barbara
    $200 8
rouge (blush)

Barbara
    $300 18
Chicago

Barbara
    $300 21
"Leader Of The Pack"

Susan
    $300 3
Fruit of the Loom

Susan
    $300 15
(Susan: What is a monitor lizard?)

an iguana

Susan
Triple Stumper
    $300 27
peppermint

Susan
    $300 11
Gracie Allen

Barbara
    $400 19
Erie

Barbara
    $400 22
(Susan: What is "Let It Be"?)

"Hey Jude"

KarlSusan
    $400 5
Sony

Susan
    $400 24
iris

Karl
    $400 28
kimchee

Susan
    $400 12
a horse

Susan
    $500 20
Transamerica

Karl
    $500 23
Oliver!

Susan
    $500 6
Ray-Bans

Karl
    $1,400 30
grapes

Susan
    $500 29
wheat

Susan
    $500 13
Patrick MacNee

Susan

Scores at the first commercial break (after clue 15):

Barbara Karl Susan
$600 $1,000 $1,700

Scores at the end of the Jeopardy! Round:

Barbara Karl Susan
$1,600 $2,200 $4,800

Double Jeopardy! Round responses

THE 1980s
THEATRE HISTORY
CHILDREN'S BOOKS
MEDICINE MEN
MONEY
POPES NAMED LEO
    $200 15
Ted Turner

Karl
    $200 6
Ethel Barrymore

Barbara
    $200 8
(Frank) Baum

Barbara
    $200 21
blood groups

Barbara
    $200 1
(Susan: What is Denmark?)

Finland

KarlSusan
    $200 26
Attila

Barbara
    $400 17
Billy Carter

Karl
    $400 7
commedia dell'arte

Karl
    $400 12
[Karl did not include the leading article in his response.]

The Swiss Family Robinson

Karl
    $400 22
(Jonas) Salk

Barbara
    $400 2
a pound

Susan
    $400 27
Florence

Barbara
    $600 18
Nintendo

Susan
    $600 9
Satyrs

Karl
    $2,000 13
The Sword in the Stone

Karl
    $3,600 23
the Mayos

Barbara
    $600 3
Mongolia

Barbara
    $600 28
Luther

Karl
    $800 19
Jean Harris

Karl
    $800 10
Richelieu

Karl
    $800 14
Jackie Robinson

Barbara
    $800 24
(Susan: What are antibiotics?)
...
(Alex: Sorry, Karl, you didn't ring in quite fast enough.)

magic bullets

Susan
Triple Stumper
    $800 4
Vietnam

Susan
    $800 29
Bismarck

Karl
    $1000 20
Connally

Karl
    $1000 11
(Alex: Hence the word thespian for acting.)

Thespis

Triple Stumper
    $1000 16
Hugh Lofting

Karl
    $1000 25
(Edward) Jenner

Barbara
    $1000 5
Brazil

Barbara
    $1000 30
Constantinople

Susan

Scores at the end of the Double Jeopardy! Round:

Barbara Karl Susan
$10,200 $11,400 $6,600

[wagering suggestions for these scores]

Final Jeopardy! Round responses

HISTORIC NAMES
SusanWho is John Paul Jones
$6,500
BarbaraWho is JP Jones?
$8,000
KarlWho was Ben Franklin?
$9,001
John Paul Jones

Final scores:

Barbara Karl Susan
$18,200 $2,399 $13,100
2-day champion: $23,800 3rd place: Gibson freezer + Jeopardy! home game 2nd place: Bassett home office center + Panasonic home office package + Jeopardy! home game

Game dynamics:

Coryat scores:

Barbara Karl Susan
$7,200 $10,000 $5,700
18 R
(including 1 DD),
1 W
20 R
(including 1 DD),
1 W
18 R
(including 1 DD),
4 W

Combined Coryat: $22,900

[game clues] [game scores] [suggest correction]

Game tape date: 1992-10-27
The J! Archive is created by fans, for fans. Scraping, republication, monetization, and malicious use prohibited; this site may use cookies and collect identifying information. See terms. The Jeopardy! game show and all elements thereof, including but not limited to copyright and trademark thereto, are the property of Jeopardy Productions, Inc. and are protected under law. This website is not affiliated with, sponsored by, or operated by Jeopardy Productions, Inc. Join the discussion at JBoard.tv.